Quyết định hành chính của Chính phủ - Một số khía cạnh lí luận và pháp lí /

保存先:
書誌詳細
第一著者: Phạm Hồng Thái.
フォーマット: 論文
言語:Vietnamese
主題:
タグ: タグ追加
タグなし, このレコードへの初めてのタグを付けませんか!
Thư viện lưu trữ: Thư viện Trường Đại học Đà Lạt
LEADER 00806nam a2200265 4500
001 DLU170180964
005 ##20170913
040 # # |a DLU  |b vie 
041 # # |a vie 
044 # # |a vn 
100 # # |a Phạm Hồng Thái. 
245 # # |a Quyết định hành chính của Chính phủ - Một số khía cạnh lí luận và pháp lí /  |c Phạm Hồng Thái. 
653 # # |a Chính phủ 
653 # # |a Lí luận 
653 # # |a Pháp lí  
653 # # |a Quyết định hành chính 
773 # # |t Luật học  |g Số 11(198), 2016, tr. 56-67 
920 # # |a Phòng Tạp chí -- Trung tâm Thông tin - Thư viện Trường Đại học Đà Lạt 
900 # # |a True 
911 # # |a Nguyễn Thị Thu Phương 
925 # # |a G 
926 # # |a A 
927 # # |a BB 
980 # # |a Thư viện Trường Đại học Đà Lạt